000 00794nam a2200289Ia 4500
003 OSt
005 20221007102859.0
006 a|||||r|||| 00| 0
007 ta
008 221006b |||||||| |||| 00| 0 eng d
020 _a8175340991
024 _a11,636
037 _cTextual
040 _aLCO
_cLCO
_beng
041 _2eng
_aeng
082 _aX8(A):979C:(Z), N8
100 _aMalhotra O.P.
245 0 _aLaw of Industrial Disputes.2V
250 _a5th
260 _aDelhi
_bUniversal Law Publishing Co. Pvt. Ltd. India
_c1998
300 _a2020
490 _vVol.- II
500 _aThe Industrial Disputes Act, 1947
650 _aINDUSTRIAL DISPUTES
_9425134
942 _hX8(A):979C:(Z), N8
_cTEXL
999 _c1181199
_d1181199